000 00948cab a2200241 4500
001 WB2946-23
008 090401t1993 xxu||||| |||| 00| 0 eng d
035 _a(Sirsi) u86859
041 _aeng
245 _aNotice to pay rent
260 _c1993
350 _a0
490 _aEstates Gazette Case Summaries
_v1993 EGCS 195 (4/12/93)
520 _aIn "Dallhold Estates (UK) Pty Ltd v Lindsey Trading Properties Ltd" CA 19 November 1993, the landlord`s appeal against the HC decision that no rent was payable due to invalidity of notice to quit was allowed on the grounds that the notice to pay was valid.
650 _aAGRICULTURAL HOLDINGS ACT 1986
650 _aPROPERTY-LANDLORD AND TENANT-TENANCIES-AGRICULTURAL TENANCIES
650 _aLANDLORD AND TENANT ACT 1987 S48
650 _aNOTICE TO PAY
650 _aNOTICE TO QUIT
690 _aLANDLORD AND TENANT-CASE LAW-AGRICULTURAL TENANCIES
942 _n0
948 _c04/03/1997
999 _c54696
_d54696